| 000 -LEADER |
| fixed length control field |
01099nam a2200349 i 4500 |
| 001 - CONTROL NUMBER |
| control field |
020686948 |
| 003 - CONTROL NUMBER IDENTIFIER |
| control field |
UkOxU |
| 005 - DATE AND TIME OF LATEST TRANSACTION |
| control field |
20190725154255.0 |
| 008 - FIXED-LENGTH DATA ELEMENTS--GENERAL INFORMATION |
| fixed length control field |
160526s2016 nyu j 000|1 eng d |
| 015 ## - NATIONAL BIBLIOGRAPHY NUMBER |
| National bibliography number |
GBB674552 |
| Source |
bnb |
| 016 7# - NATIONAL BIBLIOGRAPHIC AGENCY CONTROL NUMBER |
| Record control number |
017868618 |
| Source |
Uk |
| 020 ## - INTERNATIONAL STANDARD BOOK NUMBER |
| International Standard Book Number |
9780062439123 |
| Qualifying information |
paperback |
| 035 ## - SYSTEM CONTROL NUMBER |
| System control number |
(Uk)017868618 |
| 040 ## - CATALOGING SOURCE |
| Original cataloging agency |
StDuBDS |
| Language of cataloging |
eng |
| Description conventions |
rda |
| Transcribing agency |
StDuBDS |
| Modifying agency |
Uk |
| -- |
UkOxU |
| 042 ## - AUTHENTICATION CODE |
| Authentication code |
ukblcatcopy |
| 082 04 - DEWEY DECIMAL CLASSIFICATION NUMBER |
| Classification number |
FIC JOH |
| Edition number |
23 |
| 100 1# - MAIN ENTRY--PERSONAL NAME |
| Personal name |
Johnson, Maureen, |
| Dates associated with a name |
1973- |
| Relator term |
author. |
| 245 14 - TITLE STATEMENT |
| Title |
The last little blue envelope / |
| Statement of responsibility, etc. |
Maureen Johnson. |
| 250 ## - EDITION STATEMENT |
| Edition statement |
Revised edition. |
| 264 #1 - PRODUCTION, PUBLICATION, DISTRIBUTION, MANUFACTURE, AND COPYRIGHT NOTICE |
| Place of production, publication, distribution, manufacture |
New York : |
| Name of producer, publisher, distributor, manufacturer |
HarperTeen, |
| Date of production, publication, distribution, manufacture, or copyright notice |
2016. |
| 300 ## - PHYSICAL DESCRIPTION |
| Extent |
282 pages ; |
| Dimensions |
21 cm |
| 336 ## - CONTENT TYPE |
| Content type term |
text |
| Source |
rdacontent |
| 337 ## - MEDIA TYPE |
| Media type term |
unmediated |
| Source |
rdamedia |
| 338 ## - CARRIER TYPE |
| Carrier type term |
volume |
| Source |
rdacarrier |
| 490 1# - SERIES STATEMENT |
| Series statement |
13 little blue envelopes ; |
| Volume/sequential designation |
2 |
| 500 ## - GENERAL NOTE |
| General note |
"The sequel to 13 little blue envelopes"--Front cover. |
| 700 ## - ADDED ENTRY--PERSONAL NAME |
| Personal name |
Shen, Ann |
| Relator term |
Cover artist |
| 700 ## - ADDED ENTRY--PERSONAL NAME |
| Personal name |
Klapthor, Alison |
| Relator term |
Cover designer |
| 800 1# - SERIES ADDED ENTRY--PERSONAL NAME |
| Personal name |
Johnson, Maureen, |
| Dates associated with a name |
1973- |
| Title of a work |
13 little blue envelopes ; |
| Volume/sequential designation |
2. |
| 942 ## - ADDED ENTRY ELEMENTS (KOHA) |
| Source of classification or shelving scheme |
|
| Koha item type |
Books - Fiction |